Pollyanna / (Record no. 7289)

MARC details
000 -LEADER
fixed length control field 01014nam a22002657a 4500
001 - CONTROL NUMBER
control field 7289
003 - CONTROL NUMBER IDENTIFIER
control field FISKH
005 - DATE AND TIME OF LATEST TRANSACTION
control field 20250708133844.0
008 - FIXED-LENGTH DATA ELEMENTS--GENERAL INFORMATION
fixed length control field 250708b cb ||||| |||| 00| 0 eng d
020 ## - INTERNATIONAL STANDARD BOOK NUMBER
International Standard Book Number 9781403777034
040 ## - CATALOGING SOURCE
Original cataloging agency FISKH
Language of cataloging eng
Transcribing agency FISKH
Modifying agency FISKH
050 ## - LIBRARY OF CONGRESS CALL NUMBER
Classification number PZ7.P83 P
082 ## - DEWEY DECIMAL CLASSIFICATION NUMBER
Classification number 813.52
100 ## - MAIN ENTRY--PERSONAL NAME
Personal name H.Porter, Eleanor
Dates associated with a name (1868–1920)
245 ## - TITLE STATEMENT
Title Pollyanna /
Statement of responsibility, etc. Eleanor H.Porter ; Condensed and Adapted by Laura Hill ; Illustrated by Jon Sayer ; Cover Illustrated by Dahl Taylor
250 ## - EDITION STATEMENT
Edition statement This edition first published in 2011
260 ## - PUBLICATION, DISTRIBUTION, ETC.
Place of publication, distribution, etc. Franklin :
Name of publisher, distributor, etc. Dalmatian,
Date of publication, distribution, etc. 2011
300 ## - PHYSICAL DESCRIPTION
Extent 182 pages :
Other physical details illustrations ;
Dimensions 20 cm
520 ## - SUMMARY, ETC.
Summary, etc. When orphaned, eleven-year-old Pollyanna comes to live with austere and wealthy Aunt Polly, her philosophy of gladness brings happiness to her aunt and other unhappy members of the community.<br/>
650 ## - SUBJECT ADDED ENTRY--TOPICAL TERM
Source of heading or term Classics
Topical term or geographic name entry element Orphans
650 ## - SUBJECT ADDED ENTRY--TOPICAL TERM
Source of heading or term American literature
Topical term or geographic name entry element Vermont
700 ## - ADDED ENTRY--PERSONAL NAME
Personal name Sayer, Jon
Dates associated with a name illustrator
942 ## - ADDED ENTRY ELEMENTS (KOHA)
Source of classification or shelving scheme Dewey Decimal Classification
Koha item type Books
Suppress in OPAC No
Holdings
Withdrawn status Lost status Source of classification or shelving scheme Damaged status Not for loan Collection Home library Current library Shelving location Date acquired Total Checkouts Full call number Barcode Date last seen Copy number Price effective from Koha item type
    Dewey Decimal Classification     Fiction Footprints International School Library Network Toul Tom Poung Campus Footprints International School Library Network Toul Tom Poung Campus TTP Secondary Fiction Bookshelves 07/08/2025   POR 813.52 PZ7.P83 P 2025-1765 07/08/2025 1 07/08/2025 Books